000 00228nam a22001097a 4500
008 131127t xxu||||| |||| 00| 0 eng d
020 _a81-317-1478-0
245 _aBiochemistry
250 _a3rd
300 _abook
942 _2ddc
_cBK
999 _c16554
_d16554